[Event "DEM U10/U10w 2015"]
[Site "Willingen GER"]
[Date "2015.05.24"]
[Round "2"]
[White "Colbow, Collin"]
[Black "Zeuner, Ole"]
[Result "1-0"]
[Termination "normal"]
[Board "22"]
[WhiteElo "1489"]
[BlackElo "1484"]
[PlyCount "159"]
[WhiteFideId "16201132"]
[BlackFideId "12943576"]
[EventCountry "GER"]
[EventRounds "11"]
[EventType "swiss"]
[EventDate "2015.05.23"]

1. e4 e5 2. Nf3 Nc6 3. Bc4 Bc5 4. c3 Nf6 5. d3 d6 6. Bb3 a6 7. O-O Ba7 8. Nbd2
O-O 9. h3 Kh8 10. Re1 Ng8 11. Nf1 f5 12. exf5 Bxf5 13. Ne3 Qf6 14. Nxf5 Qxf5
15. Be3 Nge7 16. Qe2 Ng6 17. Rad1 Nf4 18. Bxf4 Qxf4 19. Qe4 Rf6 20. Qxf4 Rxf4
21. Rd2 Raf8 22. Rde2 h6 23. Re4 R4f5 24. Bd5 Rb8 25. R1e2 Rbf8 26. Bxc6 bxc6
27. Ra4 Bb6 28. Rxa6 g5 29. Ra4 Kg7 30. Rae4 h5 31. a4 Kh6 32. b4 Rg8 33. a5
Ba7 34. c4 g4 35. hxg4 hxg4 36. Nh2 g3 37. Rh4+ Rh5 38. Ng4+ Kg5 39. Rxh5+ Kxg4
40. Rh7 gxf2+ 41. Kf1 Bd4 42. Rxc7 Rh8 43. Re4+ Kg5 44. Rxd4 exd4 45. Kxf2 Rf8+
46. Kg3 Re8 47. Rxc6 Re3+ 48. Kf2 Rxd3 49. Rxd6 Rd2+ 50. Ke1 Rb2 51. Rxd4 Rxb4
52. Rd5+ Kf6 53. Rc5 Rb1+ 54. Kd2 Rb2+ 55. Kc3 Rxg2 56. Kb4 Rb2+ 57. Ka4 Ke6
58. Rd5 Rc2 59. Kb5 Rb2+ 60. Kc6 Rc2 61. c5 Ra2 62. Rd6+ Ke5 63. Kb6 Rb2+ 64.
Ka7 Rb5 65. Rc6 Kd5 66. Rc8 Rxa5+ 67. Kb6 Ra1 68. Rd8+ Kc4 69. c6 Rb1+ 70. Kc7
Kc5 71. Rh8 Kd5 72. Kd7 Kc5 73. c7 Rd1+ 74. Ke6 Re1+ 75. Kf5 Rf1+ 76. Ke4 Re1+
77. Kf3 Rf1+ 78. Ke2 Rf7 79. c8=Q+ Kb6 80. Qe6+ 1-0

[Event "DEM U10/U10w 2015"]
[Site "Willingen GER"]
[Date "2015.05.24"]
[Round "2"]
[White "Pietsch, Julius"]
[Black "Heutling, Elina"]
[Result "1-0"]
[Termination "normal"]
[Board "23"]
[WhiteElo "1202"]
[BlackElo "1140"]
[PlyCount "127"]
[WhiteFideId "12985660"]
[BlackFideId "16244729"]
[EventCountry "GER"]
[EventRounds "11"]
[EventType "swiss"]
[EventDate "2015.05.23"]

1. e4 e5 2. Nf3 Nc6 3. d4 exd4 4. Nxd4 Nf6 5. Nxc6 bxc6 6. Bd3 g6 7. O-O d6 8.
Bg5 Bg7 9. Nc3 O-O 10. Qf3 Re8 11. Rfe1 Bb7 12. Ne2 d5 13. Ng3 Qd6 14. Re3 Rac8
15. Rae1 Nd7 16. c3 c5 17. exd5 Rxe3 18. Bxe3 Ne5 19. Qd1 Qxd5 20. Be4 Qxd1 21.
Rxd1 Bxe4 22. Nxe4 Rb8 23. Bxc5 Bf8 24. Bxf8 Kxf8 25. b3 h6 26. Nc5 Re8 27. f3
Ke7 28. Re1 f6 29. f4 Kd6 30. Nd3 Re7 31. fxe5+ fxe5 32. Rd1 Ke6 33. Nc5+ Kf5
34. Rf1+ Kg5 35. Ne4+ Kh5 36. h3 g5 37. Rf6 Rh7 38. g4+ Kh4 39. Kg2 h5 40. gxh5
Rxh5 41. Rg6 a5 42. Nf6 Rh8 43. Ng8 Rh5 44. Rh6 Rxh6 45. Nxh6 e4 46. a4 Kh5 47.
Nf5 g4 48. hxg4+ Kxg4 49. Ne3+ Kf4 50. Kf2 c5 51. Nc4 Kf5 52. Ke3 Ke6 53. Kxe4
Kd7 54. Kd5 Kc7 55. Kxc5 Kb7 56. Nxa5+ Ka6 57. Kc6 Ka7 58. b4 Ka6 59. b5+ Ka7
60. b6+ Kb8 61. b7 Ka7 62. Kc7 Ka6 63. b8=Q Kxa5 64. Qb5# 1-0

[Event "DEM U10/U10w 2015"]
[Site "Willingen GER"]
[Date "2015.05.24"]
[Round "2"]
[White "Wehrle, Maximilian"]
[Black "Lutz, Adam"]
[Result "0-1"]
[Termination "normal"]
[Board "24"]
[WhiteElo "1108"]
[BlackElo "1481"]
[PlyCount "68"]
[WhiteFideId "65600347"]
[BlackFideId "16226615"]
[EventCountry "GER"]
[EventRounds "11"]
[EventType "swiss"]
[EventDate "2015.05.23"]

1. e4 c5 2. Nf3 e6 3. d4 cxd4 4. Nxd4 Nf6 5. Nc3 d6 6. Bc4 a6 7. Be3 b5 8. Bf1
Bb7 9. f3 Nc6 10. Nxc6 Bxc6 11. Qd2 Be7 12. O-O-O b4 13. Ne2 a5 14. g4 Rc8 15.
Kb1 Nxe4 16. fxe4 Bxe4 17. Bd4 e5 18. Qe3 Bxc2+ 19. Kc1 Bxd1+ 20. Kxd1 exd4 21.
Qxd4 Bf6 22. Qe4+ Qe7 23. Qf5 Rc5 24. Qf3 O-O 25. Qh3 Bxb2 26. Rg1 Qe4 27. Bg2
Qc2+ 28. Ke1 Re8 29. Bf3 Bd4 30. Kf1 Qd1+ 31. Kg2 Rxe2+ 32. Bxe2 Qxe2+ 33. Kg3
Rc3+ 34. Kf4 Qe5# 0-1

[Event "DEM U10/U10w 2015"]
[Site "Willingen GER"]
[Date "2015.05.24"]
[Round "2"]
[White "Schröder, Lennart"]
[Black "Wiemann, Vanessa"]
[Result "1-0"]
[Termination "normal"]
[Board "25"]
[WhiteElo "1339"]
[BlackElo "1229"]
[PlyCount "91"]
[WhiteFideId "16222490"]
[BlackFideId "12942987"]
[EventCountry "GER"]
[EventRounds "11"]
[EventType "swiss"]
[EventDate "2015.05.23"]

1. d4 d5 2. c4 c6 3. Nf3 Nf6 4. Nc3 dxc4 5. a4 Bg4 6. e3 e6 7. Bxc4 Be7 8. O-O
O-O 9. Re1 Nbd7 10. Be2 Re8 11. e4 Rc8 12. h3 Bh5 13. Bf4 Bxf3 14. Bxf3 Bb4 15.
Qb3 Bxc3 16. bxc3 Qb6 17. Qc2 c5 18. Rab1 Qc6 19. e5 Nd5 20. c4 Nb4 21. Rxb4
Qc7 22. Rxb7 Qa5 23. Bd2 Qd8 24. dxc5 Nxc5 25. Rxa7 Qb6 26. Ra5 h6 27. Rb1 Qd8
28. Rab5 Nd7 29. Ba5 Qe7 30. Bb7 Rc5 31. Bb4 h5 32. Bc6 Rc8 33. Bxc5 Qd8 34.
Bxd7 Qxd7 35. Rb8 g6 36. Rxc8+ Qxc8 37. Bd6 Qd7 38. Qd2 Kh7 39. a5 Qa7 40. g4
hxg4 41. hxg4 Qd7 42. Kg2 Qc6+ 43. f3 Kg7 44. Rh1 Qxc4 45. Qh6+ Kg8 46. Qh7#
1-0

[Event "DEM U10/U10w 2015"]
[Site "Willingen GER"]
[Date "2015.05.24"]
[Round "2"]
[White "Bayer, Melissa"]
[Black "Gericke, Luis"]
[Result "0-1"]
[Termination "normal"]
[Board "26"]
[WhiteElo "1104"]
[BlackElo "1220"]
[PlyCount "134"]
[WhiteFideId "16206916"]
[BlackFideId "16212525"]
[EventCountry "GER"]
[EventRounds "11"]
[EventType "swiss"]
[EventDate "2015.05.23"]

1. e4 e5 2. Nf3 Nc6 3. Bb5 a6 4. Ba4 Nf6 5. d3 d6 6. O-O Bg4 7. h3 Bh5 8. c3
Be7 9. Re1 O-O 10. Nbd2 Re8 11. Nf1 Qd7 12. Ng3 Bg6 13. Nh4 b5 14. Bb3 Nd8 15.
Nxg6 hxg6 16. d4 exd4 17. cxd4 Ne6 18. e5 Nh7 19. f4 dxe5 20. dxe5 Bc5+ 21. Kh1
Qxd1 22. Rxd1 Nd4 23. Bd5 Rad8 24. b4 Bb6 25. Bf3 Nxf3 26. Rxd8 Rxd8 27. gxf3
Rd3 28. Kg2 Rd4 29. a3 Nf8 30. Be3 Rc4 31. Bxb6 cxb6 32. f5 Rc2+ 33. Kg1 gxf5
34. Nxf5 Ng6 35. Ne3 Re2 36. Ng4 Nxe5 37. Nxe5 Rxe5 38. a4 bxa4 39. Rxa4 a5 40.
bxa5 Rxa5 41. Rb4 b5 42. Kf1 Kf8 43. Ke2 Ke7 44. Kd3 Kd6 45. Rb3 Kc5 46. Kc3
b4+ 47. Rxb4 Ra3+ 48. Rb3 Rxb3+ 49. Kxb3 Kd4 50. Kb4 Ke3 51. Kc4 Kxf3 52. Kd5
f5 53. Ke5 f4 54. h4 Ke3 55. Kf5 f3 56. Kg6 f2 57. h5 f1=Q 58. Kxg7 Qf5 59. h6
Qg5+ 60. Kh7 Kf4 61. Kh8 Qxh6+ 62. Kg8 Kf5 63. Kf7 Qf6+ 64. Ke8 Qg7 65. Kd8 Ke6
66. Kc8 Qa7 67. Kd8 Qd7# 0-1

[Event "DEM U10/U10w 2015"]
[Site "Willingen GER"]
[Date "2015.05.24"]
[Round "2"]
[White "Schubert, Nikita"]
[Black "Volk, Oskar"]
[Result "1-0"]
[Termination "normal"]
[Board "27"]
[WhiteElo "1216"]
[BlackElo "1078"]
[PlyCount "117"]
[WhiteFideId "16212339"]
[BlackFideId "16242645"]
[EventCountry "GER"]
[EventRounds "11"]
[EventType "swiss"]
[EventDate "2015.05.23"]

1. d4 c6 2. c4 d6 3. Nc3 e5 4. dxe5 dxe5 5. Qxd8+ Kxd8 6. Nf3 Nd7 7. e4 Ngf6 8.
Bd3 Bc5 9. O-O Kc7 10. Bg5 b6 11. a3 a5 12. Rad1 Bb7 13. Rd2 h6 14. Bxf6 gxf6
15. Rfd1 Rhg8 16. Be2 Rad8 17. Nh4 Bc8 18. Nf5 Rh8 19. Rb1 Nb8 20. Rxd8 Kxd8
21. Rd1+ Kc7 22. Rb1 Bxf5 23. exf5 Na6 24. Ne4 Be7 25. Kf1 Nc5 26. Nxc5 Bxc5
27. b4 axb4 28. axb4 Bd4 29. b5 c5 30. Bf3 Rg8 31. h3 Re8 32. Be4 h5 33. Rb3
Rg8 34. Ra3 Rg7 35. Ra7+ Kd8 36. Rb7 h4 37. Rxb6 Ke7 38. Ra6 Rg8 39. b6 Rb8 40.
b7 Kd8 41. Rxf6 Ke7 42. Ra6 Kd8 43. Ra8 Kc7 44. Rxb8 Kxb8 45. g3 hxg3 46. fxg3
Be3 47. Ke2 Bh6 48. Kf3 f6 49. Kg4 Bg5 50. h4 Bh6 51. Kh5 Bf8 52. Kg6 Be7 53.
h5 Kc7 54. h6 Kb8 55. h7 Kc7 56. h8=Q Kb6 57. b8=R+ Ka7 58. Ra8+ Kb6 59. Qb8#
1-0

[Event "DEM U10/U10w 2015"]
[Site "Willingen GER"]
[Date "2015.05.24"]
[Round "2"]
[White "Sklarski, Lior"]
[Black "Kurzweil, Nalani"]
[Result "1-0"]
[Termination "normal"]
[Board "28"]
[WhiteElo "1087"]
[BlackElo "1209"]
[PlyCount "55"]
[WhiteFideId "12987077"]
[BlackFideId "12985694"]
[EventCountry "GER"]
[EventRounds "11"]
[EventType "swiss"]
[EventDate "2015.05.23"]

1. d4 d5 2. e3 c6 3. Bd3 Nf6 4. f4 a6 5. Nf3 Nbd7 6. Nbd2 e6 7. O-O Be7 8. Ne5
O-O 9. Ndf3 c5 10. c3 c4 11. Bc2 Re8 12. Bd2 Qc7 13. Nxd7 Bxd7 14. Ne5 Rac8 15.
Be1 Bb5 16. Bh4 h6 17. Bxf6 Bxf6 18. Qh5 Bxe5 19. fxe5 Qe7 20. Rf2 Rf8 21. Rf3
Qg5 22. Qh3 h5 23. Rg3 Qh6 24. Rf1 Kh8 25. Qh4 Rc7 26. Rg5 Kg8 27. Rxh5 Qxe3+
28. Kh1 1-0

[Event "DEM U10/U10w 2015"]
[Site "Willingen GER"]
[Date "2015.05.24"]
[Round "2"]
[White "Schneider, Anna"]
[Black "Nguyen, Phuong Thao Vivien"]
[Result "0-1"]
[Termination "normal"]
[Board "29"]
[WhiteElo "1060"]
[BlackElo "1195"]
[PlyCount "76"]
[WhiteFideId "16200527"]
[BlackFideId "16210735"]
[EventCountry "GER"]
[EventRounds "11"]
[EventType "swiss"]
[EventDate "2015.05.23"]

1. e4 c5 2. Nf3 d6 3. d4 cxd4 4. Nxd4 Nf6 5. Nc3 g6 6. f3 Bg7 7. Be3 O-O 8. Qd2
Nc6 9. O-O-O d5 10. exd5 Nxd5 11. Kb1 Nxe3 12. Qxe3 Nxd4 13. Nb5 a6 14. Nxd4 e5
15. Qb3 exd4 16. c3 Bf5+ 17. Ka1 Qc7 18. Rc1 dxc3 19. bxc3 Be6 20. Qa3 Rac8 21.
Kb1 Bf5+ 22. Ka1 Bxc3+ 23. Rxc3 Qxc3+ 24. Qxc3 Rxc3 25. Be2 Rfc8 26. Kb2 Rc2+
27. Kb3 Rxe2 28. Rg1 Bc2+ 29. Kb4 Rd2 30. Ka3 Bd3 31. Kb3 Rdc2 32. Rd1 Bf5 33.
Rb1 R2c3+ 34. Kb4 Bxb1 35. Ka5 R8c6 36. a3 R3c4 37. a4 Bc2 38. f4 Rxa4# 0-1

[Event "DEM U10/U10w 2015"]
[Site "Willingen GER"]
[Date "2015.05.24"]
[Round "2"]
[White "Schmidt, Pauline"]
[Black "Peglau, Mirjam"]
[Result "1-0"]
[Termination "normal"]
[Board "30"]
[WhiteElo "1184"]
[BlackElo "1055"]
[PlyCount "79"]
[WhiteFideId "16209850"]
[BlackFideId "16211138"]
[EventCountry "GER"]
[EventRounds "11"]
[EventType "swiss"]
[EventDate "2015.05.23"]

1. e4 e5 2. Nf3 Nc6 3. d4 exd4 4. Bc4 Nf6 5. O-O d6 6. Re1 Be7 7. c3 dxc3 8.
Nxc3 Bg4 9. h3 Bh5 10. Be2 O-O 11. Nh4 Bxe2 12. Qxe2 Nxe4 13. Nxe4 Bxh4 14. Qg4
Re8 15. Bd2 d5 16. Bc3 g6 17. Rad1 f5 18. Qf4 Rxe4 19. Rxe4 dxe4 20. Rxd8+ Bxd8
21. Qh6 Kf7 22. Qg7+ Ke6 23. Qxh7 Ne7 24. h4 c6 25. Qh8 f4 26. Qf6+ Kd7 27.
Qxf4 Bb6 28. Qxe4 Rf8 29. Bd4 Re8 30. Qg4+ Nf5 31. Bxb6 axb6 32. Qxg6 Nxh4 33.
Qg4+ Kc7 34. Qxh4 Re1+ 35. Kh2 Re2 36. Qf4+ Kd8 37. a3 c5 38. b4 c4 39. Qxc4
Rxf2 40. Qd4+ 1-0

[Event "DEM U10/U10w 2015"]
[Site "Willingen GER"]
[Date "2015.05.24"]
[Round "2"]
[White "Röste, Hugo"]
[Black "Huo, Da"]
[Result "0-1"]
[Termination "normal"]
[Board "31"]
[WhiteElo "1053"]
[BlackElo "1179"]
[PlyCount "180"]
[WhiteFideId "16247604"]
[BlackFideId "16221206"]
[EventCountry "GER"]
[EventRounds "11"]
[EventType "swiss"]
[EventDate "2015.05.23"]

1. d4 d5 2. c4 c6 3. Nc3 Nf6 4. Bg5 Nbd7 5. e3 h6 6. Bh4 e6 7. Bd3 Be7 8. Nf3
b6 9. O-O O-O 10. a3 Ba6 11. Qe2 Qc8 12. b4 Re8 13. c5 Bxd3 14. Qxd3 b5 15. a4
a6 16. Bg3 Nh5 17. Be5 Nxe5 18. Nxe5 Nf6 19. axb5 axb5 20. Rxa8 Qxa8 21. Rc1
Qa3 22. Rb1 Rc8 23. h3 Ne4 24. Qc2 Qxc3 25. Qa2 Qd2 26. Qxd2 Nxd2 27. Ra1 Nc4
28. Nxc4 bxc4 29. Kf1 Kf8 30. Ke2 Ke8 31. f4 Kd7 32. Kf3 f5 33. g4 g6 34. Kg2
Rb8 35. Ra4 c3 36. Ra1 Rxb4 37. Rc1 Rc4 38. Kf2 Bd8 39. Ke2 Ba5 40. gxf5 gxf5
41. Kd3 Ke7 42. Ra1 Kf6 43. Rg1 Bb4 44. Rg2 Ba3 45. h4 Bc1 46. Rc2 Bd2 47. h5
Rb4 48. Ra2 Rb7 49. Ra1 Ke7 50. Ra6 Rc7 51. Ra1 Kd8 52. Ra8+ Rc8 53. Ra7 Bc1
54. Rh7 c2 55. Rxh6 Bxe3 56. Kxc2 Bxf4 57. Rxe6 Kd7 58. Rf6 Be3 59. Rxf5 Bxd4
60. h6 Bxc5 61. Rh5 Bd4 62. Rh4 c5 63. Kd3 Rb8 64. h7 Be5 65. Rh5 Kd6 66. Rh6+
Ke7 67. Rh5 Ke6 68. Rh6+ Kf7 69. Rh5 Re8 70. Kc2 c4 71. Kd2 Kg7 72. h8=Q+ Rxh8
73. Rxe5 Rd8 74. Rg5+ Kf6 75. Rg4 d4 76. Rg2 Ra8 77. Rg4 Rd8 78. Rg2 Rd5 79.
Rg3 Kf5 80. Rh3 Re5 81. Rg3 Ke4 82. Rg4+ Kd5 83. Rg3 c3+ 84. Kc2 Kc4 85. Kd1
Kb3 86. Rd3 Kc4 87. Rh3 d3 88. Rh4+ Kb3 89. Rh1 Re2 90. Rg1 c2+ 0-1

[Event "DEM U10/U10w 2015"]
[Site "Willingen GER"]
[Date "2015.05.24"]
[Round "2"]
[White "Straub, Benno"]
[Black "Liu, Sijia Anna"]
[Result "1/2-1/2"]
[Termination "normal"]
[Board "33"]
[WhiteElo "1022"]
[BlackElo "1147"]
[PlyCount "90"]
[WhiteFideId "16255488"]
[BlackFideId "12989746"]
[EventCountry "GER"]
[EventRounds "11"]
[EventType "swiss"]
[EventDate "2015.05.23"]

1. e4 c5 2. c3 d5 3. exd5 Qxd5 4. d4 Nc6 5. Nf3 Nf6 6. h3 e6 7. Be3 b6 8. Qa4
Bb7 9. Bc4 Qd6 10. Na3 a6 11. dxc5 bxc5 12. O-O Be7 13. Rad1 Qc7 14. g3 O-O 15.
Bf4 Qb6 16. Bb3 Rad8 17. Nc4 Qa7 18. Bc2 Nh5 19. Be3 Qb8 20. g4 Nf4 21. Nce5
Nxe5 22. Nxe5 Qxe5 23. Qxf4 Qxf4 24. Bxf4 Bf3 25. Rd3 Be2 26. Rxd8 Rxd8 27. Re1
Bf3 28. Re3 Rd2 29. Bb3 Bc6 30. Re1 Rxb2 31. Bc1 Rb1 32. Kf1 Bf6 33. Bd2 Rxe1+
34. Kxe1 Bg2 35. g5 Be5 36. h4 Kf8 37. Ke2 Ke7 38. Ke3 Kd6 39. f4 Bd5 40. fxe5+
Kxe5 41. Bxd5 Kxd5 42. Kd3 f6 43. Be3 f5 44. c4+ Kd6 45. a4 e5 1/2-1/2

[Event "DEM U10/U10w 2015"]
[Site "Willingen GER"]
[Date "2015.05.24"]
[Round "2"]
[White "Kalina, Lena"]
[Black "Stillbauer, Jan"]
[Result "0-1"]
[Termination "normal"]
[Board "35"]
[WhiteElo "993"]
[BlackElo "1146"]
[PlyCount "140"]
[WhiteFideId "12988014"]
[BlackFideId "16239393"]
[EventCountry "GER"]
[EventRounds "11"]
[EventType "swiss"]
[EventDate "2015.05.23"]

1. e4 e5 2. Nf3 Nc6 3. Bb5 a6 4. Bxc6 dxc6 5. Nc3 Bg4 6. O-O Bc5 7. d3 Nf6 8.
Bg5 h6 9. Bh4 g5 10. Bg3 Qd7 11. Bxe5 Qe7 12. d4 Bb4 13. Qd3 Rg8 14. a3 Bxc3
15. Qxc3 Nxe4 16. Qe3 Nd6 17. Bxd6 Qxe3 18. fxe3 cxd6 19. Rae1 O-O-O 20. Nd2 d5
21. Rxf7 Rgf8 22. Rxf8 Rxf8 23. c4 Kd7 24. h3 Be6 25. cxd5 cxd5 26. Nb3 b6 27.
e4 dxe4 28. Rxe4 Bxb3 29. Re3 Bg8 30. Rd3 Kd6 31. g3 Kd5 32. b4 Ke4 33. Rd2 Rd8
34. Re2+ Kd3 35. Re7 Rxd4 36. Kf2 Bd5 37. Re3+ Kc4 38. Re7 Bg8 39. Rc7+ Kb5 40.
Rg7 Be6 41. Rg6 Bxh3 42. Rxh6 g4 43. Ke3 Rd7 44. Ke4 a5 45. Rh5+ Ka4 46. bxa5
bxa5 47. Rc5 Ra7 48. Rc3 Rd7 49. Kf4 Rd1 50. Ke4 Ra1 51. Kd4 Rxa3 52. Rc4+ Kb3
53. Kc5 Kb2 54. Kb5 Bf1 55. Kc5 Bxc4 56. Kxc4 Rxg3 57. Kd4 a4 58. Ke5 a3 59.
Kf5 a2 60. Kg5 a1=Q 61. Kf4 Rg2 62. Ke3 Qe1+ 63. Kf4 Rf2+ 64. Kg5 Qe5+ 65. Kh4
Rh2+ 66. Kxg4 Qe4+ 67. Kg3 Qh4+ 68. Kf3 Rf2+ 69. Ke3 Qf4+ 70. Kd3 Rd2# 0-1

[Event "DEM U10/U10w 2015"]
[Site "Willingen GER"]
[Date "2015.05.24"]
[Round "2"]
[White "Breß, Amy Charlize"]
[Black "Rashba, David"]
[Result "0-1"]
[Termination "normal"]
[Board "36"]
[WhiteElo "941"]
[BlackElo "1130"]
[PlyCount "148"]
[WhiteFideId "16233786"]
[BlackFideId "16205499"]
[EventCountry "GER"]
[EventRounds "11"]
[EventType "swiss"]
[EventDate "2015.05.23"]

1. e4 e5 2. Nf3 Nc6 3. Bc4 Nf6 4. Ng5 d5 5. exd5 Na5 6. Bb5+ c6 7. dxc6 bxc6 8.
Qf3 Bb7 9. Ba4 h6 10. Ne4 Nxe4 11. Qxe4 Qd4 12. Qxd4 exd4 13. c3 d3 14. O-O Bd6
15. Re1+ Kf8 16. b4 Nc4 17. Na3 Nb6 18. Bb3 Re8 19. Rxe8+ Kxe8 20. Nc4 Nxc4 21.
Bxc4 Ke7 22. Bxd3 Kd8 23. Bf5 Re8 24. Bb2 Kc7 25. a3 Re2 26. Rd1 Bf4 27. Bc1
Ba6 28. Bg4 Re7 29. g3 Bd6 30. d3 Bxd3 31. Bf4 Bxf4 32. gxf4 Bb5 33. Bh3 g5 34.
f5 f6 35. Kg2 Re2 36. Bg4 Rc2 37. Re1 Bc4 38. Re7+ Kb6 39. a4 Bd5+ 40. Bf3
Bxf3+ 41. Kxf3 Rxc3+ 42. Kg2 a5 43. bxa5+ Kxa5 44. Re6 c5 45. Rxf6 Rc4 46. Rxh6
Rf4 47. Rf6 Kxa4 48. Kg3 c4 49. h4 Rxh4 50. Kf3 c3 51. Ke2 Kb3 52. Rc6 Rf4 53.
f6 Kb2 54. Kd3 Rxf2 55. Rxc3 Rf3+ 56. Ke4 Rxc3 57. f7 Rc8 58. Kf5 Rf8 59. Kxg5
Rxf7 60. Kg6 Rf1 61. Kg5 Kc2 62. Kg6 Kd3 63. Kg5 Ke4 64. Kg6 Ke5 65. Kg7 Ke6
66. Kg8 Ke7 67. Kg7 Rg1+ 68. Kh6 Kf6 69. Kh5 Rg8 70. Kh4 Kf5 71. Kh3 Kf4 72.
Kh2 Kf3 73. Kh1 Kf2 74. Kh2 Rh8# 0-1

[Event "DEM U10/U10w 2015"]
[Site "Willingen GER"]
[Date "2015.05.24"]
[Round "2"]
[White "Baltic, Sara"]
[Black "Wallat, Alexandra"]
[Result "1-0"]
[Termination "normal"]
[Board "37"]
[WhiteElo "1129"]
[BlackElo "935"]
[PlyCount "165"]
[WhiteFideId "16210409"]
[BlackFideId "16211413"]
[EventCountry "GER"]
[EventRounds "11"]
[EventType "swiss"]
[EventDate "2015.05.23"]

1. e4 d5 2. exd5 Qxd5 3. Nc3 Qa5 4. d4 c6 5. Bd2 Qc7 6. Bc4 Nf6 7. Nce2 Bf5 8.
Bf4 Qb6 9. a3 e6 10. Nf3 Be7 11. O-O O-O 12. Re1 Nbd7 13. Ng3 c5 14. Nxf5 Bd8
15. Ng3 cxd4 16. Nxd4 e5 17. Bxe5 Nxe5 18. Rxe5 Bc7 19. Rb5 Qd6 20. Rxb7 Rfb8
21. Nb5 Qxd1+ 22. Rxd1 Rxb7 23. Nxc7 Rxc7 24. Bb3 Ng4 25. Ne4 Re7 26. Bd5 Rd8
27. f3 Ne3 28. Rd3 Nxd5 29. c4 f5 30. Nc3 Re1+ 31. Kf2 Rde8 32. Rxd5 f4 33. c5
R1e5 34. Rd4 Rxc5 35. Rxf4 Rh5 36. h3 Rf8 37. Rd4 Rh6 38. b4 Rc6 39. Nd5 Rc2+
40. Kg3 Re8 41. a4 Ree2 42. Nf4 Red2 43. Nd3 Rxg2+ 44. Kf4 Rg6 45. Rd8+ Kf7 46.
Ne5+ Ke7 47. Ra8 Rf6+ 48. Ke4 Ra6 49. a5 Rb2 50. Kd5 Kf6 51. Nd7+ Kg5 52. Nc5
Rd2+ 53. Ke4 Rad6 54. Ke3 R2d4 55. Ne4+ Kh4 56. Nxd6 Rxd6 57. Rxa7 Re6+ 58. Kd4
g5 59. Rxh7+ Kg3 60. b5 Kxf3 61. Rf7+ Kg3 62. b6 Kxh3 63. b7 Re8 64. a6 Rd8+
65. Kc5 g4 66. a7 g3 67. b8=Q Rxb8 68. axb8=Q g2 69. Qh8+ Kg3 70. Qg8+ Kh2 71.
Rh7+ Kg1 72. Rg7 Kf1 73. Qc4+ Kg1 74. Qg4 Kf1 75. Qxg2+ Ke1 76. Qh1+ Kd2 77.
Rg2+ Ke3 78. Qh3+ Ke4 79. Rg4+ Ke5 80. Qh5+ Ke6 81. Rg6+ Kf7 82. Qh7+ Kf8 83.
Rg8# 1-0

[Event "DEM U10/U10w 2015"]
[Site "Willingen GER"]
[Date "2015.05.24"]
[Round "2"]
[White "Klühs, Isabel"]
[Black "Butenandt, Svenja"]
[Result "0-1"]
[Termination "normal"]
[Board "38"]
[WhiteElo "901"]
[BlackElo "1342"]
[PlyCount "106"]
[WhiteFideId "16228944"]
[BlackFideId "12993859"]
[EventCountry "GER"]
[EventRounds "11"]
[EventType "swiss"]
[EventDate "2015.05.23"]

1. e4 c5 2. Nf3 d6 3. d4 cxd4 4. Nxd4 Nf6 5. Bc4 Nxe4 6. f3 Nf6 7. O-O Qb6 8.
b3 e5 9. Bb2 exd4 10. Re1+ Be7 11. Bxd4 Qc7 12. Nd2 Nc6 13. Bxf6 gxf6 14. f4
Bd7 15. Qe2 Rf8 16. c3 O-O-O 17. a4 Rde8 18. b4 d5 19. Bxd5 Bc5+ 20. bxc5 Rxe2
21. Rxe2 Qxf4 22. Rb1 Qxa4 23. c4 Re8 24. Rxe8+ Bxe8 25. Rf1 Nb4 26. Rxf6 Nxd5
27. cxd5 Qd4+ 28. Rf2 Bb5 29. d6 Qa1+ 30. Nf1 Qd4 31. Ng3 h5 32. h3 h4 33. Nf5
Qxc5 34. Ne7+ Kd7 35. Nf5 Bd3 36. Nxh4 Qc1+ 37. Kh2 Qe3 38. Rxf7+ Kxd6 39. Rf5
Be4 40. Rf6+ Ke5 41. Rf1 b5 42. Nf3+ Bxf3 43. Rxf3 Qe4 44. Rf1 b4 45. g4 Qe2+
46. Kg1 Qe3+ 47. Kh2 b3 48. Rf5+ Kd4 49. g5 b2 50. g6 b1=Q 51. g7 Qc2+ 52. Kh1
Qe1+ 53. Rf1 Qxf1# 0-1

[Event "DEM U10/U10w 2015"]
[Site "Willingen GER"]
[Date "2015.05.24"]
[Round "2"]
[White "von Rosen, Jakob"]
[Black "Adelhardt, Lisa"]
[Result "1/2-1/2"]
[Termination "normal"]
[Board "39"]
[WhiteElo "1124"]
[BlackElo "897"]
[PlyCount "41"]
[WhiteFideId "12982989"]
[BlackFideId "16235380"]
[EventCountry "GER"]
[EventRounds "11"]
[EventType "swiss"]
[EventDate "2015.05.23"]

1. c4 c5 2. g3 e5 3. Bg2 d6 4. Nc3 Be6 5. Bxb7 Nd7 6. Bxa8 Qxa8 7. e4 Bxc4 8.
d3 Be6 9. Nf3 Ngf6 10. Be3 d5 11. exd5 Nxd5 12. Rg1 Bg4 13. Ne4 c4 14. h3 Bb4+
15. Bd2 Bxd2+ 16. Nexd2 Bxf3 17. Qxf3 cxd3 18. Qxd3 O-O 19. Rd1 Re8 20. Nb3
N7f6 21. a3 1/2-1/2

[Event "DEM U10/U10w 2015"]
[Site "Willingen GER"]
[Date "2015.05.24"]
[Round "2"]
[White "Youness, Sali"]
[Black "Pflugradt, Natalie"]
[Result "1-0"]
[Termination "normal"]
[Board "40"]
[WhiteElo "897"]
[BlackElo "1120"]
[PlyCount "91"]
[BlackFideId "16212444"]
[EventCountry "GER"]
[EventRounds "11"]
[EventType "swiss"]
[EventDate "2015.05.23"]

1. e4 e5 2. Nf3 Nc6 3. Bc4 Bc5 4. Nc3 Nf6 5. d3 h6 6. Be3 Bb6 7. Nd5 d6 8. O-O
Bg4 9. c3 Qd7 10. a4 O-O-O 11. b4 g5 12. a5 Bxe3 13. fxe3 Rdg8 14. Nxf6 Qe7 15.
Nxg8 Rxg8 16. b5 Nd8 17. Qa4 h5 18. b6 a6 19. bxc7 Qxc7 20. Rab1 Bd7 21. Qa3
Be6 22. Bxa6 bxa6 23. Rb2 Nc6 24. Rfb1 Qe7 25. Qa4 Qe8 26. d4 exd4 27. cxd4 Bd7
28. Qd1 Qxe4 29. Qb3 Kd8 30. Qb6+ Ke7 31. Qc7 Rc8 32. Qb6 g4 33. Ng5 Qg6 34.
Nxf7 Qxf7 35. Rf1 Qg6 36. Qxa6 g3 37. hxg3 Qxg3 38. Qd3 Rg8 39. Qh7+ Rg7 40.
Qxh5 Qxe3+ 41. Rbf2 Bh3 42. Kh1 Be6 43. d5 Qd3 44. dxe6 Rh7 45. Rf7+ Kxe6 46.
R1f6# 1-0

[Event "DEM U10/U10w 2015"]
[Site "Willingen GER"]
[Date "2015.05.24"]
[Round "2"]
[White "Kieckbusch, Lotta"]
[Black "Orlova, Alicia"]
[Result "1-0"]
[Termination "normal"]
[Board "42"]
[WhiteElo "749"]
[BlackElo "1110"]
[PlyCount "177"]
[WhiteFideId "16214390"]
[BlackFideId "34154563"]
[EventCountry "GER"]
[EventRounds "11"]
[EventType "swiss"]
[EventDate "2015.05.23"]

1. e4 e5 2. Nf3 Nc6 3. Bc4 Bc5 4. O-O d6 5. d3 h6 6. h3 Nf6 7. Be3 Bb6 8. Nc3
O-O 9. Qe2 Be6 10. Bb3 Nd4 11. Qd1 Kh8 12. Nb1 Nh7 13. c3 Nxb3 14. axb3 Qf6 15.
Nbd2 Qe7 16. Nh2 Rae8 17. Qf3 Qf6 18. Qg3 Qe7 19. Nhf3 f5 20. Qg6 Rf6 21. Qh5
Bf7 22. Qh4 c5 23. exf5 Rxf5 24. Qxe7 Rxe7 25. Nh4 Rf6 26. Ne4 Rfe6 27. b4 g5
28. Nf5 Rd7 29. bxc5 dxc5 30. Bxc5 Rxd3 31. Bxb6 axb6 32. Ra8+ Bg8 33. Rb8 Rd7
34. Ra1 Nf6 35. f3 Nxe4 36. fxe4 Kh7 37. Ra7 Kh8 38. Raxb7 Rxb7 39. Rxb7 Bh7
40. Rb8+ Bg8 41. b4 Kh7 42. c4 Rg6 43. c5 bxc5 44. bxc5 g4 45. Rb6 Be6 46. c6
gxh3 47. Kh2 hxg2 48. Kg1 h5 49. Nh4 Rg4 50. Nxg2 h4 51. c7 Bc8 52. Rb8 Ba6 53.
Ra8 Bb7 54. Ra7 Bc8 55. Ra8 Rg8 56. Kh2 h3 57. Ne3 Bd7 58. Rxg8 Kxg8 59. Nc4
Kf8 60. Nb6 Be6 61. c8=Q+ Bxc8 62. Nxc8 Kf7 63. Kxh3 Kf6 64. Kg4 Ke6 65. Kg5
Kd7 66. Nb6+ Ke6 67. Nc4 Ke7 68. Kf5 Kd7 69. Kxe5 Ke7 70. Kd5 Kd7 71. Ke5 Ke7
72. Nb6 Kf7 73. Kd6 Ke8 74. Ke6 Kd8 75. Kf7 Kc7 76. e5 Kd8 77. e6 Kc7 78. e7
Kxb6 79. e8=Q Kc7 80. Ke7 Kb6 81. Qc8 Kb5 82. Kd6 Kb4 83. Kd5 Kb3 84. Kd4 Kb2
85. Kd3 Kb1 86. Kd2 Ka1 87. Qb8 Ka2 88. Kc2 Ka3 89. Qb3# 1-0